000 00317nam a22001337a 4500
008 170413b xxu||||| |||| 00| 0 eng d
020 _a9780815150824
041 _aeng
080 _24 ED
_a618
100 _a10
101 _aSHM
245 _aGYNECOLOGY PRINCIPLES AND PRACTICE
_cKISTNER.R.W
942 _2udc
_cBK
999 _c10615
_d10615